<?xml version="1.0" encoding="UTF-8"?>
<collection xmlns="http://www.loc.gov/MARC21/slim">
 <record>
  <leader>05282nam a22004815i 4500</leader>
  <controlfield tag="001">000718045</controlfield>
  <controlfield tag="003">UtOrBLW</controlfield>
  <controlfield tag="005">20240925120825.0</controlfield>
  <controlfield tag="005">20221101104622.0</controlfield>
  <controlfield tag="006">m     o  d</controlfield>
  <controlfield tag="007">cr un|||||||||</controlfield>
  <controlfield tag="008">220719s2022    mau     ob    001 0 eng d</controlfield>
  <datafield tag="STA" ind1=" " ind2=" ">
   <subfield code="a">NEZPRACOVANÝ IMPORT</subfield>
  </datafield>
  <datafield tag="020" ind1=" " ind2=" ">
   <subfield code="a">9781800372337 (e-book)</subfield>
  </datafield>
  <datafield tag="040" ind1=" " ind2=" ">
   <subfield code="a">DLC</subfield>
   <subfield code="b">eng</subfield>
   <subfield code="e">rda</subfield>
   <subfield code="c">DLC</subfield>
   <subfield code="d">UtOrBLW</subfield>
  </datafield>
  <datafield tag="042" ind1=" " ind2=" ">
   <subfield code="a">pcc</subfield>
  </datafield>
  <datafield tag="050" ind1=" " ind2="4">
   <subfield code="a">HG101</subfield>
   <subfield code="b">.H36 2022</subfield>
  </datafield>
  <datafield tag="245" ind1="0" ind2="0">
   <subfield code="a">Handbook of experimental finance /</subfield>
   <subfield code="c">edited by Sascha Füllbrunn (associate professor of finance, institute for management research and department of economics and business economics, Radboud University, Nijmegen, the Netherlands) and Ernan Haruvy (professor, desautels faculty of management, McGill University, Montreal, Quebec, Canada).</subfield>
  </datafield>
  <datafield tag="264" ind1=" " ind2="1">
   <subfield code="a">Northampton :</subfield>
   <subfield code="b">Edward Elgar Publishing,</subfield>
   <subfield code="c">2022.</subfield>
  </datafield>
  <datafield tag="300" ind1=" " ind2=" ">
   <subfield code="a">1 online resource (450 pages).</subfield>
  </datafield>
  <datafield tag="336" ind1=" " ind2=" ">
   <subfield code="a">text</subfield>
   <subfield code="b">txt</subfield>
   <subfield code="2">rdacontent</subfield>
  </datafield>
  <datafield tag="337" ind1=" " ind2=" ">
   <subfield code="a">computer</subfield>
   <subfield code="b">c</subfield>
   <subfield code="2">rdamedia</subfield>
  </datafield>
  <datafield tag="338" ind1=" " ind2=" ">
   <subfield code="a">online resource</subfield>
   <subfield code="b">cr</subfield>
   <subfield code="2">rdacarrier</subfield>
  </datafield>
  <datafield tag="490" ind1="0" ind2=" ">
   <subfield code="a">Research handbooks in money and finance series</subfield>
  </datafield>
  <datafield tag="504" ind1=" " ind2=" ">
   <subfield code="a">Includes bibliographical references and index.</subfield>
  </datafield>
  <datafield tag="505" ind1="0" ind2=" ">
   <subfield code="a">Contents: Introduction to the handbook of experimental finance / Sascha Füllbrunn, Ernan Haruvy -- Part one basic research -- 1. Current and possible future research directions in experimental finance / Charles Noussair -- 2. Experiments in finance: From no to maybe to yes! / Pascal Kieren, Martin Weber -- 3. The complementarity of experimental and archival finance research / Lucy F. Ackert, Hong Qu -- 4. Physiological measures in experimental finance / Eyal Ert, Abigail Hurwitz, Sven Nolte -- 5. Ambiguity, experience and unforeseen events in experimental finance / Stefan T. Trautmann -- 6. Experimental finance and financial professionals / Sascha Füllbrunn, Christoph Huber, Christian König-Kersting -- 7. Cognitive finance / Ciril Bosch-Rosa, Brice Corgnet -- 8. The perils of a blanket model: Financial anomalies and loss aversion / Eldad Yechiam -- 9. Testosterone and financial risk taking / John Dinsmore, Eric Stenstrom, Marcelo Vinhal Nepomuceno -- 10. On attention to information: The checking paradox / Yefim Roth, Ofir Yakobi -- 11. The double-channeled effects of experienced payoffs in investment decisions / Peiran Jiao -- 12. Investing other people's money / Sascha Füllbrunn, Ola Kvaløy, Wolfgang Luhan -- 13. From the field to the lab: Professionals and bidding aggression / Timo Heinrich, Matthew James Walker -- 14. Coordination games: Escaping the straitjacket / Christos A. Ioannou -- Part two applied research -- 15. Perishable goods versus re-tradable assets: A theoretical reappraisal -- Of a fundamental dichotomy / Sabiou M. Inoua, Vernon L. Smith -- 16. Pairing multi-market theory with experiments / Elena Asparouhova, Peter Bossaerts, Sean Crockett -- 17. The effect of favorable and unfavorable information on asset prices / Charles Noussair, Steven Tucker, Mark Ryan -- 18. Market experiments with multiple assets: A survey / John Duffy, Jean Paul Rabanal, Olga A. Rud -- 19. Individual evolutionary learning and zero-intelligence in -- The continuous d</subfield>
  </datafield>
  <datafield tag="520" ind1=" " ind2=" ">
   <subfield code="a">&quot;Offering an in-depth overview of the field's past, present, and future, this Handbook provides a comprehensive analysis of the current topics, methodologies, findings, and breakthroughs in research conducted with the help of experimental finance methodology. Suggesting innovative ways of navigating and structuring financial markets, it also showcases the diversity and promise of using experiments in finance. With contributions from leading experts, the Handbook begins with a series of investigations into human behavior in financial decision-making, asking methodological questions regarding subject pool choice, cognitive finance, physical and physiological measurement, and research directions. Stressing the dual nature of experimental finance, chapters then relate to market experiments by exploring applied topics, including bank runs, financial accounting and nudging. Finally, it examines experimental tools and methodologies, critical perspectives, roadmaps for implementation, and empirical testing of finance theories. With examples of experiments that test the fundamental theoretical constructs in finance, this Handbook will prove a vital resource to students and scholars of finance, financial economics, and experimental methodology. It will also prove useful to practitioners and policymakers looking to innovate and experiment with their approaches to financial decision-making&quot;--</subfield>
   <subfield code="c">Provided by publisher.</subfield>
  </datafield>
  <datafield tag="588" ind1=" " ind2=" ">
   <subfield code="a">Description based on print record.</subfield>
  </datafield>
  <datafield tag="655" ind1=" " ind2="7">
   <subfield code="a">elektronické knihy</subfield>
   <subfield code="7">fd186907</subfield>
   <subfield code="2">czenas</subfield>
  </datafield>
  <datafield tag="655" ind1=" " ind2="9">
   <subfield code="a">electronic books</subfield>
   <subfield code="2">eczenas</subfield>
  </datafield>
  <datafield tag="650" ind1=" " ind2="0">
   <subfield code="a">Finance</subfield>
   <subfield code="x">Research</subfield>
   <subfield code="x">Methodology.</subfield>
  </datafield>
  <datafield tag="650" ind1=" " ind2="0">
   <subfield code="a">Finance</subfield>
   <subfield code="v">Handbooks, manuals, etc.</subfield>
  </datafield>
  <datafield tag="700" ind1="1" ind2=" ">
   <subfield code="a">Füllbrunn, Sascha,</subfield>
   <subfield code="e">editor.</subfield>
  </datafield>
  <datafield tag="700" ind1="1" ind2=" ">
   <subfield code="a">Haruvy, Ernan,</subfield>
   <subfield code="e">editor.</subfield>
  </datafield>
  <datafield tag="710" ind1="2" ind2=" ">
   <subfield code="a">Edward Elgar Publishing,</subfield>
   <subfield code="e">publisher.</subfield>
  </datafield>
  <datafield tag="776" ind1="1" ind2=" ">
   <subfield code="z">9781800372320 (hardback)</subfield>
  </datafield>
  <datafield tag="856" ind1="4" ind2="0">
   <subfield code="u">https://zdroje.vse.cz/login?url=https://www.elgaronline.com/view/book/9781800372337/9781800372337.xml</subfield>
   <subfield code="y">Plný text</subfield>
  </datafield>
  <datafield tag="BAS" ind1=" " ind2=" ">
   <subfield code="a">ELGAR-OWNED</subfield>
  </datafield>
  <datafield tag="BAS" ind1=" " ind2=" ">
   <subfield code="a">EB</subfield>
  </datafield>
  <datafield tag="BAS" ind1=" " ind2=" ">
   <subfield code="a">PhDinfra</subfield>
  </datafield>
  <datafield tag="993" ind1=" " ind2=" ">
   <subfield code="x">NEPOSILAT</subfield>
   <subfield code="y">EB</subfield>
  </datafield>
 </record>
</collection>
